书目信息 |
| 题名: |
网动中国
|
|
| 作者: | 张滨 , 黄宇红 主编 ;中国移动通信公司研究院 著 | |
| 分册: | ||
| 出版信息: | 北京 人民邮电出版社 2025.01 |
|
| 页数: | 272页 | |
| 开本: | 26cm | |
| 丛书名: | 中移智库 | |
| 单 册: | ||
| 中图分类: | TP393.4-092 , TP393.4 | |
| 科图分类: | ||
| 主题词: | 互联网络--hu lian wang luo--历史--研究--中国 | |
| 电子资源: | ||
| ISBN: | 978-7-115-65163-1 | |
| 000 | 01494nam 2200325 450 | |
| 001 | 93441 | |
| 005 | 20250819091235.40 | |
| 010 | @a978-7-115-65163-1@dCNY128.00 | |
| 100 | @a20250213d2025 em y0chiy50 ea | |
| 101 | 0 | @achi |
| 102 | @aCN@b110000 | |
| 105 | @aa z 000yy | |
| 106 | @ar | |
| 200 | 1 | @a网动中国@Awang dong zhong guo@e解码中国互联网发展历程@f中国移动通信有限公司研究院著 |
| 210 | @a北京@c人民邮电出版社@d2025.01 | |
| 215 | @a272页@c图 (部分彩图)@d26cm | |
| 225 | 2 | @a中移智库@Azhong yi zhi ku |
| 300 | @a信通社区 | |
| 314 | @a书内题: 张滨, 黄宇红主编 | |
| 330 | @a随着网络强国、数字中国战略深入落实, 中国互联网实现跨越式发展, 在经济社会发展中的作用日益凸显, 我们需要对互联网发展的逻辑进行总结。同时, 随着国际互联网环境背景和关系演变、中国互联网迈入高质量发展阶段, 我们也需要对互联网发展的路径和模式进行梳理。为回答上述问题, 本书从历史发展的角度出发, 总结规律、研判未来, 系统梳理中国互联网三十年以来发展的重大事件、发展逻辑, 对发展模式进行分析, 以期为广大读者提供参考和启示。 | |
| 410 | 0 | @12001 @a中移智库 |
| 517 | 1 | @a解码中国互联网发展历程@Ajie ma zhong guo hu lian wang fa zhan li cheng |
| 606 | 0 | @a互联网络@Ahu lian wang luo@x历史@x研究@y中国 |
| 690 | @aTP393.4-092@v5 | |
| 690 | @aTP393.4@v4 | |
| 701 | 0 | @a张滨@Azhang bin@4主编 |
| 701 | 0 | @a黄宇红@Ahuang yu hong@4主编 |
| 712 | 02 | @a中国移动通信公司研究院@Azhong guo yi dong tong xin you xian gong si yan jiu yuan@4著 |
| 801 | 0 | @aCN@c20250909 |
| 905 | @a河南城建学院图书馆@dTP393.4@eZ075@f1 | |
| 网动中国:解码中国互联网发展历程/中国移动通信有限公司研究院著.-北京:人民邮电出版社,2025.01 |
| 272页:图 (部分彩图);26cm.-(中移智库) |
| 信通社区 |
| ISBN 978-7-115-65163-1:CNY128.00 |
| 随着网络强国、数字中国战略深入落实, 中国互联网实现跨越式发展, 在经济社会发展中的作用日益凸显, 我们需要对互联网发展的逻辑进行总结。同时, 随着国际互联网环境背景和关系演变、中国互联网迈入高质量发展阶段, 我们也需要对互联网发展的路径和模式进行梳理。为回答上述问题, 本书从历史发展的角度出发, 总结规律、研判未来, 系统梳理中国互联网三十年以来发展的重大事件、发展逻辑, 对发展模式进行分析, 以期为广大读者提供参考和启示。 |
| ● |
| 相关链接 |
|
|
|
正题名:网动中国
索取号:TP393.4/Z075
 
预约/预借
| 序号 | 登录号 | 条形码 | 馆藏地/架位号 | 状态 | 备注 |
| 1 | 1627399 | 216273994 | 自科库301/301自科库 135排1列2层/ [索取号:TP393.4/Z075] | 在馆 |